| 000 | 00803nam a22002297a 4500 | ||
|---|---|---|---|
| 999 |
_c19726 _d19726 |
||
| 003 | AR-CdUCM | ||
| 008 | 190521b ||||| |||| 00| 0 spa d | ||
| 040 |
_aMUNICIPALIDAD PROVINCIAL DEL CUSCO _cBIBLIOTECA MUNICIPAL DEL CUSCO |
||
| 082 |
_a985.009 / _bV47 |
||
| 110 |
_aEditores Miranda. _941261 |
||
| 245 |
_aLa verdad desnuda : _bA las dos fases de un obispo / |
||
| 260 |
_aLima : _bMiranda domingo, _c1943. |
||
| 300 |
_a247 páginas ; _c21 cm. |
||
| 440 |
_aLos pequeños grandes libros de historia Americana _nSerie I _941262 |
||
| 505 | _aContenido : Palabras de aliento -- La verdad desnuda -- Fundamento primero... | ||
| 650 |
_aHistoria _9136 |
||
| 650 |
_aPerú _935 |
||
| 650 |
_aRevoluciones precursoras _941263 |
||
| 650 |
_aAborígenes _932432 |
||
| 942 |
_2ddc _cLIBROS |
||
| 945 | _arcc | ||